ہندی کے نے یک بابی ڈرامے / (Record no. 106589)

MARC details
000 -LEADER
fixed length control field 00987nam a22002777a 4500
005 - DATE AND TIME OF LATEST TRANSACTION
control field 20170123162314.0
010 ## - LIBRARY OF CONGRESS CONTROL NUMBER
LC control number A-574708
020 ## - INTERNATIONAL STANDARD BOOK NUMBER
Terms of availability 28.00
035 ## - SYSTEM CONTROL NUMBER
System control number A-574708
037 ## - SOURCE OF ACQUISITION
Source of stock number/acquisition Cen Lib/Ret
040 ## - CATALOGING SOURCE
Original cataloging agency DPL
Language of cataloging UR
082 ## - DEWEY DECIMAL CLASSIFICATION NUMBER
Classification number 842
Item number ح ی ن
100 ## - MAIN ENTRY--PERSONAL NAME
Personal name
9 (RLIN) 113589
245 ## - TITLE STATEMENT
Title ہندی کے نے یک بابی ڈرامے /
Statement of responsibility, etc مرتب نامی چندر جائیں ؛ متاجم بلراج ورما
246 ## - VARYING FORM OF TITLE
Title proper/short title Hindi ke naye yak babi drame /
Remainder of title edited by Naimi Chandar Jain ; traslated by Balraaj Varma
260 ## - PUBLICATION, DISTRIBUTION, ETC. (IMPRINT)
Place of publication, distribution, etc نیی دہلی
Name of publisher, distributor, etc نیشنل بک ٹرسٹ
Date of publication, distribution, etc 1991
270 ## - ADDRESS
City نیی دہلی
Postal code 110006
Address گرین پارک
300 ## - PHYSICAL DESCRIPTION
Extent 236p.
Dimensions 21cm(Hb)
650 ## - SUBJECT ADDED ENTRY--TOPICAL TERM
Topical term or geographic name as entry element اردو ادب
9 (RLIN) 113590
650 ## - SUBJECT ADDED ENTRY--TOPICAL TERM
Topical term or geographic name as entry element اردو ڈرامہ
9 (RLIN) 462
650 ## - SUBJECT ADDED ENTRY--TOPICAL TERM
Topical term or geographic name as entry element Urdu literature
9 (RLIN) 113591
650 ## - SUBJECT ADDED ENTRY--TOPICAL TERM
Topical term or geographic name as entry element Urdu drama
9 (RLIN) 14322
700 ## - ADDED ENTRY--PERSONAL NAME
Personal name نامی چندر جائیں
9 (RLIN) 534
700 ## - ADDED ENTRY--PERSONAL NAME
Personal name بلراج ورما
9 (RLIN) 113592
942 ## - ADDED ENTRY ELEMENTS (KOHA)
Source of classification or shelving scheme Dewey Decimal Classification
Koha item type Urdu Bks
Classification part 842
Call number suffix ح ی ن
Holdings
Withdrawn status Lost status Damaged status Not for loan Home library Current library Date acquired Source of acquisition Cost, normal purchase price Total Checkouts Full call number Barcode Date last seen Copy number Cost, replacement price Price effective from Koha item type
        Central Library Central Library 26/12/2015 Cen Lib/Ret 28.00   842 ح ی ن A-574708 26/12/2015 1 28.00 26/12/2015 Urdu Bks

© Delhi Public Library
Hit Counter
free hit counter